000 00469nam a2200121Ia 4500
008 160712s9999 xx 000 0 und d
100 _aCapiña, Michael V.
245 _cMichael V. Capiña, Ma. Tessa A. Llaguno,
_aStatus, Prospects, and Strategic Options of Buntal Fiber Industry in Marinduque
260 _c2013
_bPhilippine Journal on Innovation & Entrepreneurship
300 _avol. 1 no. 1
650 _xENTREPRENEURSHIP
856 _uhttp://issi.upd.edu.ph/PJIE.pdf
999 _c297271
_d297271